00335nam a2200097Ia 4500008004100000100001900041245005500060245002700115260000900142856008600151160531s9999 xx 000 0 und d aOzdemir, Oner. aPediatric Nursing, Psychiatric and Surgical Issues cEdited by Oner Ozdemir c2015 uhttp://www.intechopen.com/books/pediatric-nursing-psychiatric-and-surgical-issues